Statistics for Countries that Have Controlled Mesopotamia

Click here to take the quiz!

General Stats

  • This quiz has been taken 13,263 times
  • The average score is 8 of 14

Answer Stats

YearsNation or Empire% Correct
1932 - Iraq
92%
1533 - 1918Ottoman Empire
87%
113 - 117Roman Empire
85%
1918 - 1932United Kingdom
79%
539 BC - 330 BCAchaemenid Empire
77%
2003 - 2011United States
77%
330 BC - 141 BCSeleucid Empire
71%
1258 - 1392Mongolian Empire / Jalayirid Sultanate
63%
620 BC - 539 BCNeo-Babylonian Empire
60%
651 - 1258Abbasid Caliphate
50%
911 BC - 612 BCNeo-Assyrian Empire
44%
141 BC - 224 ADParthian Empire
17%
244 - 651Sasanian Empire
16%
1392 - 1405Timurid Empire
13%

Score Distribution

Percentile by Number Answered

Percent of People with Each Score

Your Score History

You have not taken this quiz